[Event "Reunion op 11th"]
[Site "St Denis"]
[Date "2009.10.15"]
[Round "6"]
[White "Firoaguer, Beatrice"]
[Black "Amoilede, Jonathan"]
[Result "1-0"]
[WhiteElo "1230"]
[BlackElo "1099"]
[PlyCount "97"]
[EventDate "2009.10.10"]
[EventType "swiss"]
[EventRounds "9"]
[EventCountry "RUF"]
[SourceTitle "CBM 132 Extra"]
[Source "ChessBase"]
[SourceDate "2009.11.03"]
[SourceVersion "1"]
[SourceVersionDate "2009.11.03"]
[SourceQuality "1"]

1. d4 d5 2. c4 dxc4 3. e3 Nf6 4. Bxc4 b6 5. Nc3 Nc6 6. Nf3 e6 7. 0-0 Bd6 8. e4 e5 9. Ng5 0-0 10. d5 Bg4 11. f3 Bc5+ 12. Kh1 h6 13. dxc6 Qxd1 14. Rxd1 hxg5 15. fxg4 Rad8 16. Bxg5 Rd6 17. Bxf6 gxf6 18. Rxd6 cxd6 19. Nd5 Rd8 20. c7 Rf8 21. Nxf6+ Kh8 22. Nd7 Rc8 23. Nxc5 dxc5 24. Bxf7 Rxc7 25. Bd5 c4 26. Rf1 c3 27. bxc3 Rxc3 28. h4 a5 29. Rf8+ Kg7 30. Rf7+ Kh8 31. g5 Rc1+ 32. Kh2 Rd1 33. Rf8+ Kg7 34. Rf7+ Kh8 35. Be6 Re1 36. Bf5 b5 37. g6 Rf1 38. g7+ Kg8 39. Bh7+ Kxf7 40. g8Q+ Ke7 41. Qg5+ Kf8 42. Qxe5 Rb1 43. Qf5+ Kg7 44. e5 a4 45. Qxb1 b4 46. Bg6 b3 47. axb3 axb3 48. Bh5 Kh6 49. Qg6# 1-0

[Event "Reunion op 11th"]
[Site "St Denis"]
[Date "2009.10.12"]
[Round "4"]
[White "Semanele, Donald"]
[Black "Amoilede, Jonathan"]
[Result "1-0"]
[WhiteElo "1360"]
[BlackElo "1099"]
[PlyCount "77"]
[EventDate "2009.10.10"]
[EventType "swiss"]
[EventRounds "9"]
[EventCountry "RUF"]
[SourceTitle "CBM 132 Extra"]
[Source "ChessBase"]
[SourceDate "2009.11.03"]
[SourceVersion "1"]
[SourceVersionDate "2009.11.03"]
[SourceQuality "1"]

1. e4 e5 2. Nf3 Nc6 3. b3 Nf6 4. Bb2 d6 5. d3 Bg4 6. Nbd2 d5 7. Be2 d4 8. Nc4 Bb4+ 9. c3 dxc3 10. Bc1 c2+ 11. Qd2 Bxd2+ 12. Bxd2 c1Q+ 13. Rxc1 Bxf3 14. Bxf3 Qxd3 15. Nb2 Qd4 16. Bc3 Qc5 17. 0-0 0-0-0 18. Na4 Qb5 19. Rce1 Rhe8 20. Be2 Nxe4 21. Bxb5 Ng5 22. Nc5 e4 23. Bxg7 a6 24. Nxa6 bxa6 25. Bxc6 Re7 26. Bf6 Rd6 27. Bxe7 Rxc6 28. Bxg5 h6 29. Rxe4 hxg5 30. Rd1 a5 31. g3 Kb8 32. Rd5 Rc1+ 33. Kg2 c6 34. Rxa5 f5 35. Re7 c5 36. Raa7 f4 37. Rab7+ Ka8 38. Rbd7 c4 39. Rd8# 1-0